Wings of fire: main characters - Statistics

General Stats
  • This quiz has been taken 742 times
  • The average score is 14 of 15
Answer Stats
Hint Answer % Correct
The fire proof mudwing Clay
100%
The colorful rainwing Glory
99%
The sweet sandwing Sunny
99%
The brave seawing Tsunami
99%
The nerdy nightwing Starflight
98%
The nightwing that can actually read minds Moon
96%
The royal icewing Winter
94%
The fiery skywing Peril
93%
The nervous seawing Turtle
92%
The male Silkwing Blue
88%
The energetic rainwing Kinkajou
88%
The clever sandwing Qibli
88%
The nice Hivewing Cricket
84%
The smart leafwing Sundew
84%
The dragon under the mountain Darkstalker
78%
No matching quizzes found
Score Distribution
Percent of People with Each Score
Percentile by Number Answered
Your Score History
You have not taken this quiz